Israel vivent / (Record no. 62220)

MARC details
000 -LEADER
campo de control de longitud fija 00750nam a2200241 i 4500
001 - NÚMERO DE CONTROL
campo de control 62220
003 - IDENTIFICADOR DE NÚMERO DE CONTROL
campo de control ES-MaACL
005 - FECHA Y HORA DE LA ÚLTIMA TRANSACCIÓN
campo de control 20250815170400.0
007 - CAMPO FIJO DE DESCRIPCIÓN FÍSICA--INFORMACIÓN GENERAL
campo de control de longitud fija t|
008 - DATOS DE LONGITUD FIJA--INFORMACIÓN GENERAL
campo de control de longitud fija 031119s1965 sp ||||1| cat d
100 1# - ENTRADA PRINCIPAL--NOMBRE DE PERSONA
Nombre de persona Federici, Tommaso.
9 (RLIN) 49065
245 10 - MENCIÓN DEL TÍTULO
Título Israel vivent /
Mención de responsabilidad, etc. Tommaso Federici ; [traductor, Lluis López del Castillo].
250 ## - MENCION DE EDICION
Mención de edición [1ª ed.].
260 ## - PUBLICACIÓN, DISTRIBUCIÓN, ETC.
Lugar de publicación, distribución, etc. Barcelona :
Nombre del editor, distribuidor, etc. Estela,
Fecha de publicación, distribución, etc. 1965.
300 ## - DESCRIPCIÓN FÍSICA
Extensión 362 p. ;
Dimensiones 20 cm.
490 1# - MENCIÓN DE SERIE
Mención de serie Concili Vatica II ;
Designación de volumen o secuencia 13
650 #7 - PUNTO DE ACCESO ADICIONAL DE MATERIA--TÉRMINO DE MATERIA
Término de materia o nombre geográfico como elemento de entrada Judaísmo
Fuente del encabezamiento o término embne
9 (RLIN) 13966
700 1# - ENTRADA AGREGADA--NOMBRE PERSONAL
Nombre de persona López del Castillo, Lluís,
Fechas asociadas al nombre 1938-
9 (RLIN) 73603
830 0# - PUNTO DE ACCESO ADICIONAL DE SERIE-TÍTULO UNIFORME
Título uniforme Concili Vatica II ;
Designación de volumen o secuencia 13
9 (RLIN) 182107
852 ## - LOCALIZACIÓN
Ubicación ES-MaACL
Número de control de estantería C-27678
Sublocalización o colección R.56268
852 ## - LOCALIZACIÓN
Ubicación ES-MaACL
Número de control de estantería C-26871
Sublocalización o colección R.56006
Holdings
Estatus retirado Estado de pérdida Estado de daño No para préstamo Biblioteca de origen Biblioteca actual Ubicación en estantería Fecha de adquisición Fuente de adquisición Total de préstamos Signatura topográfica completa Código de barras Visto por última vez Precio de reemplazo Tipo de ítem Koha
        Biblioteca del Ateneo de Madrid Biblioteca del Ateneo de Madrid Depósito 2 17/01/2008     C-26871 1065228 23/02/2023 23/02/2023 Libro impreso
        Biblioteca del Ateneo de Madrid Biblioteca del Ateneo de Madrid Depósito 2 17/01/2008     C-27678 1065227 23/02/2023 23/02/2023 Libro impreso